| 000 | 01156nam a2200229Ia 4500 | ||
|---|---|---|---|
| 003 | Ost | ||
| 005 | 20260507074905.0 | ||
| 008 | 260507s9999||||xx |||||||||||||| ||und|| | ||
| 020 | _a9775673615 | ||
| 040 | _cfsecg | ||
| 041 | _aara | ||
| 082 | _a657 | ||
| 100 |
_aالعبد الله، رياض _eمؤلف |
||
| 245 | 0 |
_aالمحاسبة سلاح ايديولوجي نفاذ : _bعولمة المحاسبة / _c رياض العبد الله |
|
| 260 |
_aالقاهرة: _bمنشورات المنظمة العربية للتنمية الإدارية, _c2007 |
||
| 300 |
_a112 صفحة؛ _bإيضاحات ؛ _c24 سم |
||
| 490 |
_aسلسلة بحوث ودراسات _v428 |
||
| 520 | _aالمفاهيم المحاسبية، فرضيات التناظر التام والجزئي، فرضية الملائمة المطلقة للمفهوم لأية ظاهرة، الأهمية الخاصة للإستثمار والمستثمر الدوليين، التطوير المتجزئ للمعايير المحاسبية، الأهمية القصوى لمهنة التدقيق | ||
| 653 | _aالعولمة | ||
| 653 | _aالمحاسبة | ||
| 942 | _cكتاب | ||
| 999 |
_c41690 _d41690 |
||